Majstrovstvá Slovenska vo fitness a body fitness 2004

Bibliographic Details
Main Author: Matejíčka, Ľuboš (Author)
Format: Article
Language:Slovak
ISSN:1336-6068
Subjects:

MARC

LEADER 00000nab a2200000 a 4500
001 vtls001492323
003 SK-MaSNL
005 20260303075347.0
008 050204c2005 xo wr|p|||||||000 b|slo
015 |a SNBRB2005/02  |2 snkbucl 
038 |a SNKBUCL 
040 |a SNKBUCL  |b slo  |c SNKBUCL  |e AACR2 
041 0 |a slo 
044 |a xo  |c SK 
080 |a 796.894.093.1  |x (437.6)  |2 UDC-MRF-SK2 
100 1 |a Matejíčka, Ľuboš  |4 aut  |9 838509 
245 1 0 |a Majstrovstvá Slovenska vo fitness a body fitness 2004  |c Ľuboš Matejíčka 
611 2 7 |a Majstrovstvá Slovenska vo fitness a bodyfitness  |d 2004  |2 snkbucl  |9 872531 
650 0 7 |a fitnes  |2 snkbucl  |9 31481 
650 0 7 |a ženy  |2 snkbucl  |9 4865 
773 0 |t Muscular Storm  |g Č. 1 (2005), s. 33  |x 1336-6068 
852 |a SNK  |b KIS3GCP 
999 |c 1775475  |d 1777405